000 00649nam a22002297a 4500
003 UA-OsUOA
001 97305
007 ta
008 20130327b un ||||| |||| 00| 0 ukr d
100 _aОжешко Е.
090 _a821.162.1
_bО-45
942 _cBK
040 _aUA-OsUOA
_brus
_cUA-OsUOA
_dUA-OsUOA
245 _aСочинения в пяти томах
_b5
_cрассказы
300 _a527 с.
955 _a3
041 _arus
080 _a821.162.1
260 _aМ.
_bХудожественная литература
_c1954
650 7 _a82 Література. Літературознавство
_2UDC
999 _c383551
_d383551